00974nam a22002772a 450000100060000000300080000600500170001400800410003103500190007204000320009104100080012308200150013110000540014624500380020025000120023826000570025030000240030749000550033150400290038665000400041583000160045583000580047194200120052999900170054195201380055816914BD-RjUL20211209000051.0160718s1949 enk b 000 0 eng d a(BD-RjUL)16970 aDLCcBNGdEQOdBD-RjULbeng aeng a780.9bHAM1 aHadow, W. H.q(William Henry),d1859-1937.95220910aMusic /cRev. by Sir George Dyson a3rd ed. aLondon ; New York :bOxford University Press,c1949. aix, 198 p. ;c17 cm1 aHome university library of modern knowledge ;v112 aBibliography: p. 183-187 0aMusicxHistory and criticism952210 0v1129136972 0aHome university library of modern knowledge ;9125380 2ddccBK c16914d16914 00102ddc40718NFICaRUCLbRUCLcReadingd1954-10-25eO. U. P.g506.00l0o780.9 HAM 1949r2014-02-15 00:00:00tC-2w2021-12-09yBK